Beyond ideas : a compendium of innovations by SIRIM Berhad.
| Corporate Author: | |
|---|---|
| Format: | Book |
| Published: |
Shah Alam, Selangor:
SIRIM,
2011.
|
| Subjects: |
| LEADER | 00483cam a2200145 7i4500 | ||
|---|---|---|---|
| 001 | 0000030333 | ||
| 005 | 20131001090000.0 | ||
| 090 | 0 | 0 | |a M 658.562 |b STA |
| 110 | 2 | 0 | |a Standard and Industrial Research Institute of Malaysia (SIRIM) |
| 245 | 2 | 0 | |a Beyond ideas : |b a compendium of innovations by SIRIM Berhad. |
| 260 | 0 | 0 | |a Shah Alam, Selangor: |b SIRIM, |c 2011. |
| 300 | # | # | |a 117 p. |
| 650 | 0 | 0 | |a Standards -- |z Malaysia |
| 651 | 0 | 0 | |a Malaysia |
| 999 | |a 0000032834 |b Book |c Malaysia |e Business Information Centre | ||